Vývoj, súčasný stav a perspektívy kúpeľného cestovného ruchu v SR diplomová práca

Salvato in:
Dettagli Bibliografici
Autore principale: Sedláková, Katarína
Ente Autore: Obchodná fakulta EU. Katedra služieb a cestovného ruchu - zrušené
Altri autori: Benešová, Dana, 1958-
Natura: Libro
Lingua:slovacco
Pubblicazione: Bratislava 2010
Tags: Aggiungi Tag
Nessun Tag, puoi essere il primo ad aggiungerne!!

MARC

LEADER 00000nam$a2200000$$$4500
001 0118625
005 20240318123913.1
041 0 |a slo 
044 |a SK 
245 1 0 |a Vývoj, súčasný stav a perspektívy kúpeľného cestovného ruchu v SR  |b diplomová práca  |c Katarína Sedláková ; škol. Dana Benešová 
264 1 |a Bratislava  |c 2010 
300 |a 74 s. 
100 1 |a Sedláková, Katarína 
700 1 |a Benešová, Dana, 1958- 
710 2 |a Obchodná fakulta EU. Katedra služieb a cestovného ruchu - zrušené